03727cam a2200325 a 45000010009000000050017000090080041000260100015000670200029000820200026001110400081001370820022002181000037002402450115002772600095003923000053004875000024005405040033005645050249005975201087008465201110019336500029030436500055030726500043031276530025031706550024031959420022032199990017032419520143032581590604520141216144210.0090915s2010 xxkadk frb f001 0 eng d a2009038165 a9780521871488 (hardback) a0521871484 (hardback) aDLCcDLCdBTCTAdBWKUKdYDXCPdCDXdCUVdUKMdNLEdBWXdDEBBGdDLCdEG-ScBUE00a621.3822222bJOH1 aJohnson, Sarah J.,d1977-93694210aIterative error correction :bturbo, low-density parity-check and repeat-accumulate codes /cSarah J. Johnson. aCambridge, United Kingdom ;aNew York, United States :bCambridge University Press,c2010. axviii, 335 p. :bcharts, forms, tables ;c26 cm. aIndex : p. 331-335. aBibliography : p. [322]-330.0 aChannels, codes and capacity-Low-density parity-check codes-Low-density parity-check codes : properties and constructions-Convolutional codes-Turbo codes-Serial concantenation and RA codes-Density evolution and EXIT charts-Error floor analysis. a"Iterative error correction codes have found widespread application in cellular communications, digital video broadcasting and wireless LANs. This self-contained treatment of iterative error correction presents all the key ideas needed to understand, design, implement and analyse these powerful codes. Turbo, low-density parity-check, and repeat-accumulate codes are given equal, detailed coverage, with precise presentations of encoding and decoding procedures. Worked examples are integrated into the text to illuminate each new idea and pseudo-code is included for important algorithms to facilitate the reader's development of the techniques described. For each subject, the treatment begins with the simplest case before generalizing. There is also coverage of advanced topics such as density-evolution and EXIT charts for those readers interested in gaining a deeper understanding of the field. This text is ideal for graduate students in electrical engineering and computer science departments, as well as practitioners in the communications industry"-Provided by publisher. a"Iterative error correction codes have found widespread application in cellular communications, digital broadcasting, deep space communications, and wireless LANs. This self-contained treatment of iterative error correction presents all the key ideas needed to understand, design, implement, and analyze these powerful codes. Turbo, low-density parity-check, and repeat-accumulate codes are given equal, detailed coverage, with precise presentations of encoding and decoding procedures. Worked examples are integrated into the text to illuminate each new idea and pseudo-code is included for important algorithms to facilitate the reader's development of the techniques described. For each subject, the treatment begins with the simplest case before generalizing. There is also coverage of advanced topics such as density-evolution and EXIT charts for those readers interested in gaining a deeper understanding of the field. This text is ideal for graduate students in electrical engineering and computer science departments, as well as practitioners in the communications industry"-Provided by publisher. 0aSignal processing936943 0aError-correcting codes (Information theory)936907 0aIterative methods (Mathematics)936944 bENGELCcDecember2014 vreading book934232 2ddck621.3822 JOH c18785d18757 00102ddc40708BaccahaMAINbMAINc1STd2014-12-16epurchaseg250.00h21201l0o621.3822 JOHp000037200r2025-07-15 00:00:00v313.00yBB